000 00563nam a2200193Ia 4500
003 LDD
008 181029s9999 xx 000 0 und d
020 _a195679903
_c595.00
040 _cLDD
100 _aWeiner, Myron
245 0 _aBorn unfree
_bchild labour education & State
_cMyron Weiner
260 _aNew Delhi
_bOxford University Press
_c2006
300 _alxxxvii, 5
365 _b595.00
901 _a3693
_b16-01-2007
902 _a7340
_b22-02-2007
_cF
_dUPPAL
_e31
903 _aDiscount-10
_bReqst by : Debal K. Singharoy
942 _2ddc
_cBK
999 _c78167
_d78167